000 00511nam a2200133 a 4500
008 120416s1988 ||||||||||||||||| || u
050 _aZ 674.8 Man
100 _aJohn, Edward R
245 1 0 _aManagement issues in the networking environment
_cedited by Edward R. John
260 _aNew York
_bThe Haworth Press
_c1988
300 _a141p.
350 _a0.00
995 _D0.00
_FCBU-MAIN LIBRARY (Kitwe)
_H1
_I0.00
_M1
_UAVAILABLE
_ZAnnex Low-Usage Collection
999 _c49948
_d49948